Country Logic Puzzle by Scambigol #29 - Statistics

General Stats
  • This quiz has been taken 149 times
  • The average score is 53 of 154
Answers on the Map
Answers color-coded by a green-red scale on the quiz's map according to % correct below.
 
Answer Stats
Country % Correct
Qatar
86%
Saudi Arabia
83%
Angola
77%
Jordan
77%
Iraq
75%
Kuwait
72%
Israel
63%
Oman
63%
United Arab Emirates
63%
Yemen
63%
Zimbabwe
61%
Syria
59%
Andorra
58%
Lebanon
58%
France
56%
East Timor
53%
Indonesia
53%
Ireland
52%
Italy
52%
Papua New Guinea
52%
Portugal
52%
San Marino
52%
Spain
52%
United Kingdom
52%
Vatican City
52%
Vietnam
52%
Finland
50%
Russia
50%
Bangladesh
48%
Botswana
48%
Monaco
48%
Lesotho
47%
Namibia
47%
South Africa
47%
Eswatini
45%
Honduras
45%
Laos
45%
Mozambique
45%
Myanmar
45%
Norway
45%
Sweden
45%
Costa Rica
44%
Nicaragua
44%
Panama
44%
Venezuela
42%
Brunei
41%
Cambodia
41%
Germany
41%
Malaysia
41%
Thailand
41%
Belgium
39%
Bhutan
39%
Brazil
39%
Canada
39%
Denmark
39%
Luxembourg
39%
Mongolia
39%
Netherlands
39%
North Korea
39%
South Korea
39%
United States
39%
Belize
38%
China
38%
El Salvador
38%
Guatemala
38%
Guyana
38%
India
38%
Mexico
38%
Nepal
38%
Paraguay
38%
Suriname
38%
Uruguay
38%
Estonia
34%
Latvia
34%
Lithuania
34%
Poland
34%
Uzbekistan
34%
Argentina
33%
Bolivia
33%
Djibouti
31%
Kazakhstan
31%
Romania
31%
Belarus
30%
Eritrea
30%
Ethiopia
30%
Kyrgyzstan
30%
Moldova
30%
Somalia
30%
Tajikistan
30%
Ukraine
30%
Chile
27%
Colombia
27%
Ecuador
27%
Peru
27%
Czech Republic
25%
Gambia
25%
Kenya
25%
Malawi
25%
Senegal
25%
Tanzania
25%
Kosovo
23%
Pakistan
23%
Zambia
23%
Afghanistan
22%
Albania
22%
Armenia
22%
Austria
22%
Democratic Republic of the Congo
22%
Iran
22%
Liechtenstein
22%
Slovenia
22%
Switzerland
22%
Bosnia and Herzegovina
20%
Bulgaria
20%
Burundi
20%
Croatia
20%
Montenegro
20%
Turkey
20%
Turkmenistan
20%
Azerbaijan
19%
Georgia
19%
Greece
19%
Hungary
19%
Mauritania
19%
Morocco
19%
North Macedonia
19%
Rwanda
19%
Serbia
19%
Slovakia
19%
Uganda
19%
Algeria
17%
Egypt
16%
Guinea
16%
Libya
16%
Mali
16%
Sudan
16%
Tunisia
16%
Benin
14%
Ghana
14%
Guinea-Bissau
14%
Togo
14%
Burkina Faso
13%
Chad
13%
Equatorial Guinea
13%
Gabon
13%
Ivory Coast
13%
Liberia
13%
Sierra Leone
13%
Cameroon
11%
Central African Republic
11%
Niger
11%
Republic of the Congo
11%
South Sudan
11%
Nigeria
9%
No matching quizzes found
Score Distribution
Percent of People with Each Score
Percentile by Number Answered
Your Score History
You have not taken this quiz